000
00204 a2200109 4500
020
_a
9788429409819
041
_a
spa
100
_a
Santillana
245
_a
Fisica y quimica 3
942
_c
BK
952
_7
1
999
_c
21426
_d
21426